Normal view
MARC view
- Water Resouces systems
Entry Topical Term
001 - CONTROL NUMBER
- control field: 154
003 - CONTROL NUMBER IDENTIFIER
- control field: OSt
005 - DATE AND TIME OF LATEST TRANSACTION
- control field: 20141210115746.0
008 - FIXED-LENGTH DATA ELEMENTS
- fixed length control field: 141210|| aca||aabn | a|a d
040 ## - CATALOGING SOURCE
- Original cataloging agency: OSt
- Transcribing agency: OSt
150 ## - HEADING--TOPICAL TERM
- Topical term or geographic name as entry element: Water Resouces systems
670 ## - SOURCE DATA FOUND
- Source citation: Work cat.: (OSt): Vedula, S Majumdar, P P 153, Water Resources Systems: Modelling Technniques and Analysis , 2010
